000 00497 a2200157 4500
999 _c119
_d119
020 _a9781412977852
050 _aBF201 KEL 2012
100 _aKellogg, Ronald Thomas
_eauthor
245 _aFundamentals of cognitive psychology /
_cRonald T. Kellogg
264 _aLos Angeles :
_bSage Publications,
_c2012
300 _axvi, 359 p. :
_bill.
500 _aIncludes bibliographical references and index
650 _aPsychology
650 _aCognitive therapy
942 _2lcc
_cBK
_e2nd ed.
_h201
_iKEL
_kBF